|
|
|
|
| LEADER |
02027nam a2200481 i 4500 |
| 001 |
EBC4517708 |
| 003 |
MiAaPQ |
| 005 |
20200917021826.0 |
| 006 |
m o d | |
| 007 |
cr cnu|||||||| |
| 008 |
160531t20162016sz ob 000 0 eng d |
| 020 |
|
|
|z 9783319309804
|
| 020 |
|
|
|a 9783319309811 (e-book)
|
| 035 |
|
|
|a (MiAaPQ)EBC4517708
|
| 035 |
|
|
|a (Au-PeEL)EBL4517708
|
| 035 |
|
|
|a (CaPaEBR)ebr11209808
|
| 035 |
|
|
|a (CaONFJC)MIL919649
|
| 035 |
|
|
|a (OCoLC)948780565
|
| 040 |
|
|
|a MiAaPQ
|b eng
|e rda
|e pn
|c MiAaPQ
|d MiAaPQ
|
| 050 |
|
4 |
|a JF1525.P6
|b .P684 2016
|
| 082 |
0 |
|
|a 330
|2 23
|
| 245 |
0 |
0 |
|a Poverty and well-being in East Africa :
|b a multi faceted economic approach /
|c Almas Heshmati, editor.
|
| 264 |
|
1 |
|a Switzerland :
|b Springer,
|c 2016.
|
| 264 |
|
4 |
|c 2016
|
| 300 |
|
|
|a 1 online resource (288 pages).
|
| 336 |
|
|
|a text
|2 rdacontent
|
| 337 |
|
|
|a computer
|2 rdamedia
|
| 338 |
|
|
|a online resource
|2 rdacarrier
|
| 490 |
1 |
|
|a Economic Studies in Inequality, Social Exclusion and Well-Being,
|x 2364-1088
|
| 504 |
|
|
|a Includes bibliographical references at the end of each chapters.
|
| 588 |
|
|
|a Description based on print version record.
|
| 590 |
|
|
|a Electronic reproduction. Ann Arbor, MI : ProQuest, 2016. Available via World Wide Web. Access may be limited to ProQuest affiliated libraries.
|
| 650 |
|
0 |
|a Political planning.
|
| 650 |
|
0 |
|a Economic policy.
|
| 650 |
|
0 |
|a Social policy.
|
| 650 |
|
0 |
|a Development economics.
|
| 650 |
|
0 |
|a Economic development.
|
| 655 |
|
4 |
|a Electronic books.
|
| 700 |
1 |
|
|a Heshmati, Almas,
|e editor.
|
| 776 |
0 |
8 |
|i Print version:
|t Poverty and well-being in East Africa : a multi faceted economic approach.
|d Switzerland : Springer, c2016
|h xv, 281 pages
|k Economic studies in inequality, social exclusion and well-being.
|z 9783319309804
|w 2016935562
|
| 797 |
2 |
|
|a ProQuest (Firm)
|
| 830 |
|
0 |
|a Economic studies in inequality, social exclusion and well-being.
|
| 856 |
4 |
0 |
|u https://ebookcentral.proquest.com/lib/matrademy/detail.action?docID=4517708
|z Click to View
|